Nghiên Cứu về Chữ Nôm
محفوظ في:
| المؤلف الرئيسي: | |
|---|---|
| التنسيق: | كتاب |
| اللغة: | Vietnamese |
| منشور في: |
H.
Khoa Học Xã Hội
1981
|
| الموضوعات: | |
| الوسوم: |
إضافة وسم
لا توجد وسوم, كن أول من يضع وسما على هذه التسجيلة!
|
| Thư viện lưu trữ: | Mạng thư viện Đại học Đà Nẵng |
|---|
| LEADER | 01002nam a2200313 4500 | ||
|---|---|---|---|
| 001 | 000007757 | ||
| 003 | 3922 | ||
| 005 | 20111019151003.0 | ||
| 008 | 111011s1981 viesd | ||
| 041 | 0 | |a vie | |
| 082 | |a 495.9229 |b LÊ-Q | ||
| 100 | 0 | |a Lê Văn Quan | |
| 245 | 0 | |a Nghiên Cứu về Chữ Nôm |c Lê Văn Quan | |
| 260 | |a H. |b Khoa Học Xã Hội |c 1981 | ||
| 300 | |a 231 tr. |c 19 cm | ||
| 653 | |a Lịch sử ngôn ngữ | ||
| 653 | |a Ngôn ngữ | ||
| 653 | |a Ngữ âm học | ||
| 910 | |a Đỗ Phú Quý |d 11/10/2011 | ||
| OWN | |a LSP | ||
| AVA | |a UDN50 |b LSP |d 495.9229 LÊ-Q |e unavailable |t Error 5002 Not defined in file expand_doc_bib_avail. |f 1 |g 1 |h N |i 0 |k 1 | ||
| 999 | |a From the UDN01 | ||
| AVA | |a UDN50 |b LSP |d 495.9229 LÊ-Q |e unavailable |t Error 5002 Not defined in file expand_doc_bib_avail. |f 1 |g 1 |h N |i 0 |k 1 | ||
| TYP | |a Monograph | ||
| TYP | |a Printed language | ||
| 980 | |a Mạng thư viện Đại học Đà Nẵng | ||